[Event "POL-chT 2nd League"]
[Site "Sypniewo"]
[Date "2021.09.04"]
[Round "1.12"]
[White "Krasiewicz, Robert"]
[Black "Krawczyk, Wojciech"]
[Result "1/2-1/2"]
[WhiteElo "2050"]
[BlackElo "2049"]
[PlyCount "101"]
[EventDate "2021.09.04"]
[EventType "team-swiss"]
[EventRounds "9"]
[EventCountry "POL"]
[SourceTitle "CBM 204 Extra"]
[Source "ChessBase"]
[SourceDate "2021.11.30"]
[SourceVersion "1"]
[SourceVersionDate "2021.11.30"]
[SourceQuality "1"]
[WhiteTeam "Zielonka Zieloni"]
[BlackTeam "Wieliczka MKS MOS"]
[WhiteTeamCountry "POL"]
[BlackTeamCountry "POL"]

1. c4 c5 2. Nf3 Nc6 3. g3 g6 4. Bg2 Bg7 5. 0-0 d6 6. Nc3 e5 7. d3 Nge7 8. a3 0-0 9. Rb1 a5 10. Bd2 Be6 11. Ng5 Bc8 12. Nd5 Nxd5 13. cxd5 Ne7 14. b4 cxb4 15. axb4 a4 16. e4 b5 17. Rc1 Bd7 18. Be3 h6 19. Nf3 f5 20. Ne1 f4 21. Bd2 g5 22. g4 Rc8 23. Rxc8 Qxc8 24. h3 h5 25. f3 Qc7 26. Nc2 Rc8 27. Na3 Qb6+ 28. Rf2 hxg4 29. hxg4 Ng6 30. Kf1 Qd4 31. Qb1 Bf6 32. Ke2 Bd8 33. Rf1 Nh4 34. Bh3 Qa7 35. Rc1 Rxc1 36. Qxc1 Bb6 37. Nc2 Kf7 38. Bc3 Bg1 39. Be1 Ng6 40. Bf1 Bb6 41. Qb2 Qa8 42. Kd1 Qh8 43. Na3 Nh4 44. Bf2 Bxf2 45. Qxf2 Qc8 46. Kd2 Ke7 47. Be2 Qc7 48. Qg1 Kd8 49. Nc2 Kc8 50. Qa1 Ng6 51. Qc3 1/2-1/2

[Event "POL Cup op rapid"]
[Site "Lodz"]
[Date "2021.08.07"]
[Round "6"]
[White "Bebel, Arkadiusz"]
[Black "Krawczyk, Wojciech"]
[Result "1-0"]
[WhiteElo "2294"]
[BlackElo "1929"]
[PlyCount "65"]
[EventDate "2021.08.07"]
[EventType "swiss (rapid)"]
[EventRounds "9"]
[EventCountry "POL"]
[SourceTitle "CBM 203 Extra"]
[Source "ChessBase"]
[SourceDate "2021.09.30"]
[SourceVersion "1"]
[SourceVersionDate "2021.09.30"]
[SourceQuality "1"]

1. Nf3 Nf6 2. g3 g6 3. b3 Bg7 4. Bb2 b6 5. Bg2 Bb7 6. 0-0 0-0 7. c4 c5 8. d4 cxd4 9. Qxd4 Nc6 10. Qd3 d6 11. Nc3 Nb4 12. Qd2 Na6 13. Rfd1 Nc5 14. Nd5 Nxd5 15. Bxg7 Kxg7 16. cxd5 Qd7 17. Nd4 Rac8 18. b4 Na4 19. Rac1 b5 20. h4 a6 21. h5 Nb6 22. h6+ Kg8 23. Nc6 Bxc6 24. dxc6 Qc7 25. Qd4 f6 26. Bh3 Rcd8 27. Be6+ Kh8 28. Rd3 d5 29. Qc5 d4 30. Rxd4 Rxd4 31. Qxd4 Rd8 32. Qxd8+ Qxd8 33. c7 1-0

[Event "Poronin Tatra Limba op"]
[Site "Poronin"]
[Date "2021.05.26"]
[Round "7"]
[White "Krawczyk, Wojciech"]
[Black "Neuhoff, Laertes"]
[Result "1-0"]
[WhiteElo "1932"]
[BlackElo "1799"]
[PlyCount "103"]
[EventDate "2021.05.22"]
[EventType "swiss"]
[EventRounds "9"]
[EventCountry "POL"]
[SourceTitle "EXT 2022"]
[Source "ChessBase"]
[SourceDate "2021.10.06"]
[SourceVersion "1"]
[SourceVersionDate "2021.10.06"]
[SourceQuality "1"]

1. c4 e6 2. d4 d5 3. Nc3 Nf6 4. Bg5 c6 5. e3 Nbd7 6. Bd3 dxc4 7. Bxc4 b5 8. Bd3 Bb7 9. Nf3 Bd6 10. 0-0 0-0 11. Ne4 Be7 12. Rc1 Nxe4 13. Bxe7 Qxe7 14. Bxe4 Rac8 15. Nd2 e5 16. Qc2 Nf6 17. Bf3 Rfd8 18. dxe5 Qxe5 19. Nb3 Rc7 20. Rfd1 Rxd1+ 21. Rxd1 g6 22. Rc1 Nd5 23. Qc5 Rd7 24. Nd4 Kg7 25. h3 f6 26. Bxd5 Qxd5 27. Qxd5 Rxd5 28. b4 Kf7 29. a3 a6 30. Nxc6 Rd3 31. Nd4 Bd5 32. Ra1 Bb3 33. Kf1 f5 34. Nc6 Ke6 35. Ke2 Bc4 36. Ke1 Bb3 37. Na5 Kd5 38. Nb7 Kc6 39. Nc5 Rc3 40. Kd2 Rc2+ 41. Kd3 Rxf2 42. Nxb3 Rxg2 43. Rc1+ Kb6 44. Na5 Rg3 45. Rc6+ Ka7 46. Rc7+ Kb8 47. Rxh7 f4 48. Kd4 Rxe3 49. Kc5 f3 50. Nc6+ Kc8 51. Kb6 Rxa3 52. Rc7# 1-0

[Event "Poronin Tatra Limba op"]
[Site "Poronin"]
[Date "2021.05.26"]
[Round "6"]
[White "Obrochta, Lena"]
[Black "Krawczyk, Wojciech"]
[Result "1-0"]
[WhiteElo "1753"]
[BlackElo "1932"]
[PlyCount "95"]
[EventDate "2021.05.22"]
[EventType "swiss"]
[EventRounds "9"]
[EventCountry "POL"]
[SourceTitle "EXT 2022"]
[Source "ChessBase"]
[SourceDate "2021.10.06"]
[SourceVersion "1"]
[SourceVersionDate "2021.10.06"]
[SourceQuality "1"]

1. e4 c6 2. d4 d5 3. exd5 cxd5 4. Bd3 Nf6 5. c3 Nc6 6. Bf4 g6 7. Nf3 Nh5 8. Bg3 Bg7 9. Nbd2 0-0 10. 0-0 Nxg3 11. hxg3 Bf6 12. Qb3 h5 13. Rae1 e6 14. Ne5 Nxe5 15. dxe5 Be7 16. c4 dxc4 17. Nxc4 Qc7 18. Rc1 Bd7 19. Ne3 Bc6 20. Bxg6 Qxe5 21. Bb1 Kg7 22. Qd3 Rh8 23. f4 Qxb2 24. Rxc6 bxc6 25. f5 Rad8 26. Qe4 Rh6 27. fxe6 fxe6 28. Nf5+ Kh8 29. Nxh6 Qd4+ 30. Qxd4+ Rxd4 31. Nf7+ Kg8 32. Ne5 c5 33. Bg6 Bd6 34. Nc6 Ra4 35. Bf7+ Kg7 36. Bxe6 Bxg3 37. Rf7+ Kg6 38. Ne7+ Kg5 39. Rf5+ Kh6 40. Ng8+ Kg6 41. Ne7+ Kg7 42. Rf7+ Kh6 43. Nf5+ Kg6 44. Nxg3 h4 45. Nf5 c4 46. Nxh4+ Kh5 47. Nf3 Rxa2 48. Bf5 1-0

[Event "Poronin Tatra Limba op"]
[Site "Poronin"]
[Date "2021.05.24"]
[Round "3"]
[White "Krawczyk, Wojciech"]
[Black "Czernek, Tymon"]
[Result "1/2-1/2"]
[WhiteElo "1932"]
[BlackElo "2248"]
[PlyCount "126"]
[EventDate "2021.05.22"]
[EventType "swiss"]
[EventRounds "9"]
[EventCountry "POL"]
[SourceTitle "EXT 2022"]
[Source "ChessBase"]
[SourceDate "2021.10.06"]
[SourceVersion "1"]
[SourceVersionDate "2021.10.06"]
[SourceQuality "1"]

1. e4 c5 2. Nf3 d6 3. Bb5+ Nd7 4. c4 Ngf6 5. d3 g6 6. Nc3 Bg7 7. 0-0 0-0 8. Re1 Nb6 9. h3 a6 10. Ba4 Nxa4 11. Qxa4 e6 12. Be3 b6 13. d4 Bb7 14. Qc2 cxd4 15. Bxd4 Rc8 16. Qb3 Nd7 17. Bxg7 Kxg7 18. Rad1 Qc7 19. Qa3 Nc5 20. b3 f5 21. Nd4 Qf7 22. e5 dxe5 23. Rxe5 Rfe8 24. Na4 Nd7 25. Ree1 e5 26. Nc2 b5 27. Nc3 bxc4 28. bxc4 Rxc4 29. Ne3 Rd4 30. Rb1 Nf6 31. Rb6 f4 32. Ng4 Nxg4 33. hxg4 f3 34. Qc5 Rc4 35. Rxb7 Rxc5 36. Rxf7+ Kxf7 37. Ne4 Rd5 38. gxf3 Red8 39. Kg2 Rd1 40. Re2 h5 41. Rb2 hxg4 42. fxg4 R1d4 43. f3 R8d7 44. Kg3 Rxe4 45. fxe4 Kf6 46. Rb6+ Kg5 47. Rxa6 Rd3+ 48. Kf2 Kxg4 49. Rxg6+ Kf4 50. Ra6 Rd2+ 51. Ke1 Rh2 52. Ra4 Ke3 53. Kd1 Rg2 54. Kc1 Kd3 55. Kb1 Rh2 56. Kc1 Rg2 57. Kb1 Rf2 58. Kc1 Rf1+ 59. Kb2 Re1 60. Rb4 Re2+ 61. Kb3 Rxe4 62. Rxe4 Kxe4 63. a4 Kd5 1/2-1/2

[Event "Poronin Tatra Limba op"]
[Site "Poronin"]
[Date "2021.05.23"]
[Round "2"]
[White "Mirowska, Oliwia"]
[Black "Krawczyk, Wojciech"]
[Result "0-1"]
[WhiteElo "1766"]
[BlackElo "1932"]
[PlyCount "82"]
[EventDate "2021.05.22"]
[EventType "swiss"]
[EventRounds "9"]
[EventCountry "POL"]
[SourceTitle "EXT 2022"]
[Source "ChessBase"]
[SourceDate "2021.10.06"]
[SourceVersion "1"]
[SourceVersionDate "2021.10.06"]
[SourceQuality "1"]

1. e4 c6 2. d4 d5 3. e5 c5 4. c3 cxd4 5. cxd4 Nc6 6. h3 Qb6 7. Nf3 Bf5 8. a3 e6 9. Nc3 f6 10. Na4 Qc7 11. Bf4 Be4 12. Rc1 Bxf3 13. gxf3 fxe5 14. Bxe5 Bd6 15. f4 Bxe5 16. fxe5 Qf7 17. Bb5 Nge7 18. 0-0 0-0 19. Nc5 Nf5 20. Bxc6 bxc6 21. Rc3 Qg6+ 22. Kh1 Rf7 23. Rg1 Qh6 24. Qg4 Re8 25. Rd3 Nh4 26. Rdg3 Ree7 27. Rb3 Rf4 28. Rb8+ Kf7 29. Qg5 Qxg5 30. Rxg5 Rxf2 31. Nb7 g6 32. Nd6+ Kg7 33. Kg1 Rd2 34. Rg4 Nf3+ 35. Kf1 Rxd4 36. Rxd4 Nxd4 37. Ne8+ Kh6 38. Nf6 Kg5 39. Kg2 Kf4 40. Ng4 h5 41. Rf8+ Nf5 0-1